| 000 | 01234nam a2200241 i 4500 | ||
|---|---|---|---|
| 001 | 168091 | ||
| 003 | ES-MaACL | ||
| 005 | 20250824030021.0 | ||
| 008 | 981002m18941896sp |||| | spa d | ||
| 080 | _a792(460)"18" | ||
| 080 | _a860-2.09"18" | ||
| 100 | 1 |
_aYxart, Josep, _d1852-1895 _9139230 |
|
| 245 | 1 | 3 |
_aEl arte escénico en España / _cJosé Yxart. |
| 260 |
_aBarcelona : _b[s.n.], _c1894-1896 ( _fImp. de "La Vanguardia") |
||
| 300 |
_a2 v. (364 ; 165 p.) ; _c18 cm. |
||
| 505 | 8 | _aContiene: I. Introducción: La tradición. La decadencia. El drama. Echegaray. Gaspar. Sellés. Feliu y Codina. Nuevas direcciones dramáticas: en el extranjero, en España. Pérez Galdós, etc. - 2. La comedia. J. Echegaray. Feliu y Codina. Sánchez Pérez. M. Echegaray. Ramos Carrión y Vital Aza. Piezas y sainetes. Ricardo de la Vega, etc., etc. | |
| 530 | _aDisponible en formato digital. | ||
| 650 | 4 |
_aTeatro español- _yS.XIX- _xHistoria y crítica _917348 |
|
| 650 | 7 |
_aTeatro- _zEspaña- _yS.XIX _2 _9141742 |
|
| 852 |
_aES-MaACL _jF-9596-97 _z- Enc. hol. _z- Faltan p.156-158 del v. II |
||
| 856 |
_uhttp://bdh-rd.bne.es/viewer.vm?id=0000092016&page=1 _zBiblioteca Digital Hispánica |
||
| 999 |
_c168091 _d168091 |
||